Malý podnikateľ

Bibliographic Details
Main Author: Špilberger, Milan (spisovateľ) (Author)
Format: Book
Language:Slovak
PhysicalDescription:[10] s. ilustr. 11 x 15 cm
Published: [Úľany nad Žitavou Milan Špilberger 2005]
ISBN:8096907824
Edition:1. vyd.
Subjects:

MARC

LEADER 00000nam a2200000 a 4500
001 vtls008186948
003 SK-MaSNL
005 20260302074052.0
008 240318s2005 xo a b 000 p slo
015 |a SNBA2005/11-04353 
020 |a 8096907824  |q (brož.) 
035 |a urn:nbn:sk:snk-am00cu87 
035 |a urn:nbn:sk:snk-am3hpff 
035 |a 8539D75C-BB98-4688-A4D1-BB1DACBA5BDB 
040 |a SNK  |b slo  |c SNK  |e AACR2 
041 0 |a slo 
044 |a xo  |c SK 
072 7 |a 821-93  |x Literatúra pre deti a mládež  |2 konspekt 
080 |a 821-93  |2 MDT-MRF 
080 |a 821.162.4-1  |2 MDT-MRF 
100 1 |a Špilberger, Milan  |c (spisovateľ)  |4 aut  |9 15991 
245 1 0 |a Malý podnikateľ  |c Milan Špilberger 
250 |a 1. vyd. 
260 |a [Úľany nad Žitavou  |b Milan Špilberger  |c 2005] 
300 |a [10] s.  |b ilustr.  |c 11 x 15 cm 
500 |a Názov z obalu 
506 |a 500 výt. 
655 7 |a slovenská poézia  |2 SNKPH  |9 70444 
655 7 |a publikácie pre deti  |2 SNKPH  |9 70148 
919 |a 80-969078-2-4 
968 |d 821 
999 |c 1163552  |d 1165482 
952 |a SNK  |b SNK  |y PREZ  |7 0  |p 17A0479961  |o snkSE 10979  |i snk2005/13313  |8 0  |0 0  |1 0  |4 0  |d 2005-07-28  |f 1  |l 0  |r 2026-02-24 20:40:41  |w 2026-02-24 
952 |a SNK  |b SNK  |y VYP  |7 0  |p 17A0479962  |o snkSE 10979 D1  |i snk2005/13314  |8 0  |0 0  |1 0  |4 0  |d 2005-07-28  |l 0  |r 2026-02-24 20:40:41  |w 2026-02-24